Armi vietate, diritto internazionale dei conflitti armati e crimini di guerra

Bibliographic Details
Main Author: Cannone, Andrea
Format: eBook
Language:Italian
Published: Bari : Cacucci Editore, 2013
Subjects:
Online Access:http://www.vlex.com/source/11175

MARC

LEADER 00000nam a22000007a 4500
005 20130429142255.0
007 cr|||| ||||
008 130429e2013 it |||||s|||| 00||0 ita d
020 |a 978-88-6611-241-9 
035 |a 11175 
040 |a vLex 
090 |c 4208  |d 4208 
100 1 0 |a Cannone, Andrea 
245 1 0 |a Armi vietate, diritto internazionale dei conflitti armati e crimini di guerra  |c / Andrea Cannone   |h [Recurso electrn̤ico] 
256 |a Servicio en ln̕ea 
260 |a Bari :  |b Cacucci Editore,   |c 2013 
300 |a 1 Recurso electrn̤ico 
506 |d vLex Global  |d vLex Global (Academic Edition, excluding Law Schools)  |d vLex Global (U.S. Academic Edition, Law Schools)  |d vLex Global (U.S. Academic Edition, excluding Law Schools)  |d vLex Global (Academic Edition, Law Schools) 
650 0 4 |a Derecho internacional 
740 |a vLex Libros (Servicio en ln̕ea) 
856 |a Acceso restringido  |u http://www.vlex.com/source/11175 
942 |c BOOK 
999 0 |a International law